|
|
|
|
| LEADER |
00000cam a2200000 a 4500 |
| 001 |
vtls001124025 |
| 003 |
SK-MaSNL |
| 005 |
20260301233335.0 |
| 008 |
260209s1987 xo a f 000 0 slo |
| 015 |
|
|
|a SNBA1988/03
|
| 035 |
|
|
|a SNK000066868
|
| 035 |
|
|
|a urn:nbn:sk:snk-amjbgq
|
| 035 |
|
|
|a urn:nbn:sk:snk-am002doh
|
| 035 |
|
|
|a 42D81F69-91A2-4B37-8C32-7DC07A3C0DB4
|
| 040 |
|
|
|a SNK
|b slo
|c SNK
|e AACR2
|
| 041 |
1 |
|
|a slo
|h ger
|
| 044 |
|
|
|a xo
|c SK
|
| 080 |
|
|
|a 54
|2 1981
|
| 100 |
1 |
|
|a Poller, Siegfried
|4 aut
|9 627852
|
| 240 |
1 |
0 |
|a Chemie auf dem Wege ins dritte Jahrtausend
|l Slovensky
|
| 245 |
1 |
0 |
|a Chémia na prahu tretieho tisícročia
|c Siegfried Poller ; [z nem. orig. ... prel. Milan Karvaš, Marcela Göghová ; ilustr. Ivan Popovič]
|
| 250 |
|
|
|a 1. vyd.
|
| 260 |
|
|
|a Bratislava
|b Smena
|c 1987
|e Bratislava
|f Polygrafické závody
|
| 300 |
|
|
|a 275 s.
|b ilustr., sch.
|c 21 cm
|
| 366 |
|
|
|e 2500 výt.
|
| 490 |
1 |
|
|a Sputnik
|
| 500 |
|
|
|a Ilustr. na tit. liste, front. a predsádkach.
|
| 504 |
|
|
|a Pozn.
|
| 650 |
0 |
7 |
|a chémia
|2 SNKPH
|9 749
|
| 650 |
0 |
7 |
|a vedecko-technický rozvoj
|2 SNKPH
|9 3999
|
| 650 |
0 |
7 |
|a perspektívy
|2 SNKPH
|9 290252
|
| 655 |
|
7 |
|a populárno-náučné publikácie
|2 SNKPH
|9 70460
|
| 655 |
|
7 |
|a výklady
|2 SNKPH
|9 29178
|
| 700 |
1 |
|
|a Karvaš, Milan,
|d 1932-
|4 trl
|9 112317
|
| 700 |
1 |
|
|a Göghová, Marcela,
|d 1951-
|4 trl
|9 61269
|
| 700 |
1 |
|
|a Popovič, Ivan,
|d 1944-
|4 ill
|9 193310
|
| 830 |
|
0 |
|a Sputnik
|9 279200
|
| 852 |
|
|
|a Slovenská národná knižnica
|
| 954 |
|
|
|a odborná, vedecká literatúra cudzojazyčná (svetová)
|2 lita
|
| 958 |
|
|
|a EUIPO
|
| 958 |
|
|
|a OND
|
| 958 |
|
|
|a DE
|
| 958 |
|
|
|a TL
|
| 958 |
|
|
|a OP
|
| 958 |
|
|
|a NB
|
| 968 |
|
|
|a SLO
|b DT
|
| 999 |
|
|
|c 965749
|d 967679
|
| 952 |
|
|
|a SNK
|b SNK
|y VYP
|7 0
|p 17A1138565
|o snkSC 70600 D1
|i snkKSP 6/88
|0 0
|1 0
|4 0
|d 2015-02-20
|f 1
|l 0
|r 2026-02-24 10:35:52
|w 2026-02-24
|